000 00636nam a2200193Ia 4500
005 20250508150302.0
008 008 250505s9999 xx 000 0 eng d
037 _aTextual
040 _aFEDL
_beng
_cFEDL
041 _aeng
_2eng
084 _a309.158, BON
_qFEDL
100 _aBonne Alfred
_9122230
245 0 _aState and economics in the Middle East : A society in transition
260 _aLondon, UK
_bKegan Paul, Trench, Trubner and Co. Ltd
_c1948
300 _axiv,427p.
490 _aInternational library of sociology and social reconstruction
942 _cTEXL
_h309.158, BON
999 _c1322813
_d1322813